000 00565cam a2200181 a 4500
001 000006296
005 20200929153918.0
008 741007s1972 fr 000 1 fre
040 _aDO-SdBNP
_cMBU
_dOCoLC
_dDLC
082 _ann
_bW231d
100 1 _aWalter, Georges,
_d1921-
_917581
245 1 0 _aDes vols de Vanessa /
_cGeorges Walter.
260 _aParís, :
_bLe Cercle du Nouveau Livre. Jules Tallandier,
_c1972.
300 _a268 p. ;
_c20 cm.
650 4 _aNovela francesa
_91075
650 4 _aLiteratura francesa
_91074
910 _aCatalogación por copia / LC
999 _c6091
_d6091